000 00954nas a2200301 4500
001 BR9704216
003 BR-BrBNA
005 20231205100510.0
007 ta
008 230509b bl.|||p| |||| 00| 00por d
040 _aBR-BrBNA
_bpor
_cBiblioteca Nacional de Agricultura
041 _a(Pt)
072 _aQ04
100 1 _aMagalhaes, M.T.
100 1 _aKoketsu, M.
100 1 _aGoncalves, S.L.
100 1 _aDuarte, F.R.
100 1 _aGodoy, R.L. de O.
100 1 _aLopes, D.
245 1 _aGengibre (Zingiber officinate Roscoe)brasileiro: aspectos gerais, oleo essencial e oleoresina. Parte 1 - aspectos gerais, oleo essencial
650 _aGengibre
650 _aAnalise Quimica
650 _aCromatografia
650 _aComposicao Quimica
773 0 _tCiencia e Tecnologia de Alimentos (Brazil)
_xISSN 0101-2061
_g(Jan-Apr 1997), v. 17(1) p. 64-69
_wBR9704216
909 _a202311
_bLúcia
_c55
_dLúcia Elande
942 _2AGRIS
_n0
_cANA
999 _c156365
_d156365